Rekord haltermés Fehértón
Elmentve itt :
| Szerző: | |
|---|---|
| Dokumentumtípus: | Cikk |
| Megjelent: |
1959-11-13
|
| Sorozat: | Délmagyarország
|
| Kulcsszavak: | Halászat Szeged 1959, Fehér-tó Szeged |
| Online Access: | http://dmarchiv.bibl.u-szeged.hu/54245 |
| LEADER | 00456nab a2200157 i 4500 | ||
|---|---|---|---|
| 001 | delm54245 | ||
| 005 | 20180927141909.0 | ||
| 008 | 180927s1959 hu o 0|| hun d | ||
| 040 | |a SZTE Délmagyarország Archívum |b hun | ||
| 041 | |a hun | ||
| 100 | 1 | |a Tóth Béla | |
| 245 | 1 | 0 | |a Rekord haltermés Fehértón |h [elektronikus dokumentum] / |c Tóth Béla |
| 260 | |c 1959-11-13 | ||
| 300 | |a 3 | ||
| 490 | 0 | |a Délmagyarország | |
| 695 | |a Halászat Szeged 1959, Fehér-tó Szeged | ||